000 00675nam a22001817a 4500
020 _qHard Cover.
082 _a621.3
100 _aAhmed, Nouman ; Feroz Raza, Syed ; Saim Shujaat, Sayed
245 _aDehydration Identification & Vitality Evaluation (DIVE) /
_cNouman Ahmed ; Sayed Feroz Raza ; Sayed Saim Saujaat
260 _aIslamabad :
_bSEECS - NUST,
_c2018.
300 _a58 p. : ill. ;
_c30cm.
563 _aa
650 _aElectrical Engineering-Project Report
_930780
700 _aDr. Awais Mehmood Kamboh.
_919312
856 _uhttp://10.250.8.41:8080/xmlui/handle/123456789/18554
942 _2ddc
_cPR
999 _c535876
_d535876